000 00995nam a2200289Ia 4500
001 Para_5657
003 CHAP
008 220125s1985 xx 000 0 und d
010 _a204087
040 _cCHAP
090 _aPA TESIS 9
100 _aAlcaraz Miranda, J. Antonio
_93574
245 _aMetodología para determinar el banco de semillas de malezas, en tres sistemas de labranza /
_c por J. Antonio Alcaraz Miranda y Carlos Flores Revilla
260 _aChapingo, Méx. :
_b el autor
300 _a55 h.
502 _aTesis (Ing. Agr. Esp. en Parasitología Agrícola). UACh. Departamento Parasitología Agrícola
650 _aMalas hierbas
_x semillas Labranza
_9170097
700 _aFlores Revilla, Carlos
_941700
710 _aUACh. Departamento de Parasitología Agrícola
_9115877
901 _aPA TESIS 9
902 _aA
905 _a0000001985 i 0000000000 00
910 _a1985
942 _cPARA
942 _cPARA
_d1
999 _c204087
_d204087